Medien und Formen der Wissenschaftsvermittlung : (XVII. Symposium der Gesellschaft für Wissenschaftsgeschichte, 24.-26. Mai 1979 in Berlin)

Bibliographische Detailangaben
Weitere Verfasser: Gesellschaft für Wissenschaftsgeschichte (BerichterstatterIn), Symposium der "Gesellschaft für Wissenschaftsgeschichte"
Format: Buch
Sprache:German
Veröffentlicht: Wiesbaden : Athenaion, 1980
Mit dem übergeordneten Werk verknüpfte Titel:Berichte zur Wissenschaftsgeschichte 3. 1980
Zugriff auf das übergeordnete Werk:Symposium der Gesellschaft für Wissenschaftsgeschichte
Umfang:262 S.
LEADER 01000cam a2200265 c 4500
001 324839839
003 DE-627
005 20240329023948.0
007 tu
008 010213s1980 gw ||||| 00| ||ger c
035 |a (DE-627)324839839 
035 |a (DE-599)GBV324839839 
035 |a (OCoLC)247994160 
040 |a DE-627  |b ger  |c DE-627  |e rakwb 
041 |a ger 
044 |c XA-DE 
245 0 0 |a Medien und Formen der Wissenschaftsvermittlung  |b (XVII. Symposium der Gesellschaft für Wissenschaftsgeschichte, 24.-26. Mai 1979 in Berlin)  |c Gesellschaft für Wissenschaftsgeschichte 
264 1 |a Wiesbaden  |b Athenaion  |c 1980 
300 |a 262 S.  |b graph. Darst. 
336 |a Text  |b txt  |2 rdacontent 
337 |a ohne Hilfsmittel zu benutzen  |b n  |2 rdamedia 
338 |a Band  |b nc  |2 rdacarrier 
490 1 |a Berichte zur Wissenschaftsgeschichte  |v 3.1980 
490 1 |a Symposium der Gesellschaft für Wissenschaftsgeschichte  |v 17 
583 1 |a Archivierung prüfen  |c 20240324  |f DE-4165  |z 1  |2 pdager 
710 2 |a Gesellschaft für Wissenschaftsgeschichte  |0 (DE-588)39372-1  |0 (DE-627)100899951  |0 (DE-576)190364920  |4 oth 
711 2 9 |a Symposium der "Gesellschaft für Wissenschaftsgeschichte"  |n 17  |c Berlin  |d 1979.05.24.-26 
810 2 |a Gesellschaft für Wissenschaftsgeschichte  |t Symposium der Gesellschaft für Wissenschaftsgeschichte  |v 17  |9 17  |w (DE-627)130806528  |w (DE-576)057831912  |w (DE-600)1009750-8  |7 am 
830 0 |a Berichte zur Wissenschaftsgeschichte  |v 3. 1980  |9 1980,0003,00  |w (DE-627)129330124  |w (DE-576)014584131  |w (DE-600)134475-4  |x 0170-6233  |7 am 
912 |a GBV_ILN_11 
912 |a ISIL_DE-1a 
912 |a SYSFLAG_1 
912 |a GBV_KXP 
912 |a GBV_ILN_22 
912 |a ISIL_DE-18 
912 |a GBV_ILN_24 
912 |a ISIL_DE-8 
912 |a GBV_ILN_50 
912 |a ISIL_DE-23 
912 |a GBV_ILN_105 
912 |a ISIL_DE-841 
912 |a GBV_ILN_350 
912 |a ISIL_DE-2795 
912 |a GBV_ILN_350_ 
951 |a BO 
980 |2 11  |1 01  |x 0001  |b 803564643  |c 00  |f 6  |d 36 PA 91-3/4.1980/81  |e u  |j --%%--  |y k  |z 13-12-06 
980 |2 22  |1 01  |x 0018  |b 1106753135  |c 00  |f SUB  |d X/17821: 3  |e s  |j --%%--  |y zu  |z 14-12-09 
980 |2 22  |1 02  |x 0018  |b 1264051875  |c 00  |f SUB-SBHH  |d K130622  |e u  |j --%%--  |h SBHH18076  |y zu  |z 08-08-11 
980 |2 24  |1 01  |x 0008  |b 3834287091  |c 00  |f 16  |d Xa 1922-3  |e u  |j --%%--  |y zz1  |z 11-01-21 
980 |2 50  |1 01  |x 0023  |b 1300520116  |c 00  |f --%%--  |d MZ 07.1:3  |e g  |j --%%--  |c 09  |f --%%--  |d F8° 2714:3  |e --%%--  |j --%%--  |h Clausthal-komplett  |k Sammelband  |k Die gedruckten Zeitschriftenhefte stehen für die Dauer der Baumaßnahme nicht zur Verfügung. Bitte nutzen Sie die Onlineausgabe.  |y k  |z 26-03-12 
980 |2 105  |1 01  |x 0841/1  |b 1261629507  |c 00  |f IMGWF B  |d 11 z  |e g  |j --%%--  |k verfügbar am Standort  |y zi01  |z 01-08-11 
980 |2 350  |1 01  |x 8293  |b 097242934  |c 00  |f DHIP  |d Z 485  |e i  |j --%%--  |y z  |z 17-11-99 
981 |2 105  |1 01  |x 0841/1  |y Königstr. 42, Bibliothek - Inst. f. Medizingeschichte  |w https://www.imgwf.uni-luebeck.de/bibliothek.html 
984 |2 22  |1 01  |x 0018  |a 935253883 
984 |2 22  |1 02  |x 0018  |a 100570508 
984 |2 24  |1 01  |x 0008  |a 8$0002057026 
985 |2 22  |1 01  |x 0018  |a zsb 
985 |2 22  |1 02  |x 0018  |a XXX 627 
985 |2 50  |1 01  |x 0023  |a F8° 2714:3 
985 |2 350  |1 01  |x 8293  |a 80/1337 
995 |2 22  |1 02  |x 0018  |a SBHH18076 
995 |2 50  |1 01  |x 0023  |a Clausthal-komplett